All You Can 'Ate' Quiz Stats

 Plays Quiz Updated Jul 26, 2013

Challenge
Share
Tweet
Embed
Score 0/24 Timer 06:00
2 Plays Today
Hint Word % Correct
Bears do this in the winterhibernate
97.1%
Moss, Hudson, or Winslet, e.g.Kate
97%
Apes, gibbons, lemurs and Miley Cyrus are all examples of this type of animalprimate
91%
Some people have too much on theirs and get overwhelmedplate
88.3%
Mr. Miyagi was a skilled instructor of this sportkarate
85.9%
The roof of the mouth, sometimes it's cleftpalate
83.8%
Crest's biggest competitorColgate
83.1%
This type of food is to be avoided on the Atkins dietcarbohydrate
78.6%
Manufacturers offer this money back, hoping you'll forget to send in the formrebate
76.7%
To open gradually; a cervix does this to about 10 cm before deliverydilate
75.2%
To remove an extremityamputate
74.7%
To speed upaccelerate
67%
Hint Word % Correct
A jailbirdinmate
66.8%
People described as this won't be able to read the quiz cluesilliterate
64%
Large, red, seed-bearing fruitpomegranate
62.7%
Genes do this, leading to evolutionmutate
61.2%
Weather averaged over a long period of timeclimate
61%
What Tonya Harding did (and complained about) at the '94 Winter Olympicsskate
60.8%
This will end a chess game in a drawstalemate
56.7%
A warship or a fast, light, sailing vesselfrigate
54.8%
Cocoa butter is a necessary component of thischocolate
54.5%
Polyatomic ion with the molecular formula NO3-nitrate
52.7%
Medjools are one type of this edible palm fruitdate
50.9%
Not authorized by lawillegitimate
12%

You're not logged in!

Compare scores with friends on all Sporcle quizzes.
OR
Log In

You Might Also Like...

Show Comments

Extras

Top Quizzes Today


Score Distribution

Your Account Isn't Verified!

In order to create a playlist on Sporcle, you need to verify the email address you used during registration. Go to your Sporcle Settings to finish the process.

Report this User

Report this user for behavior that violates our Community Guidelines.

Details: